01426nam a2200277 a 450000100100000000500170001000800410002702000180006804000250008608200200011110000420013124500710017326000360024430000280028050000700030859000260037865000280040465000310043291000270046395201330049095201330062395201330075695201180088995201240100799900170113100003929120240412074300.0130621s2013 dr a 000 p spa d a9789945165418 aDO-SdBNPbspacBNPHU aRD861.44bH557s1 aHernández Leonardo, Dionicio96548310aSueños de amor y una despedida /cDionicio Hernández Leonardo. aSanto Domingo :bBúho,c2013. a82 p. :bils. ;c25 cm. aIncluye datos biográficos del autor en la solapa de la cubierta aInventariado, 2018/LP 0aPoesía dominicana966 0aLiteratura dominicana.967 aControl de calidad MFF 001054708DSaGRbGRcHDd2013-06-21iLF1l0oRD861.44 H557sp39291-30r2020-06-25te. 3w2020-06-25yLFDSZPréstamo en sala 001054708DSaGRbGRcHDd2014-02-25iLF1l0oRD861.44 H557sp39291-40r2020-06-25te. 4w2020-06-25yLFDSZPréstamo en sala 001054708DSaGRbGRcHDd2014-02-25iLF1l0oRD861.44 H557sp39291-50r2020-06-25te. 5w2020-06-25yLFDSZPréstamo en sala 0010718PDaPDbPDcHDd2013-06-21iLF1l0oRD861.44 H557sp39291-10r2020-06-25w2020-06-25yLFPDZNo se presta 0010718PDaPDbPDcHDd2013-06-21iLF1l0oRD861.44 H557sp39291-20r2020-06-25te. 2w2020-06-25yLFPDZNo se presta c38781d38781